000 00416 a2200157 4500
003 OSt
005 20231107123222.0
008 231107b |||||||| |||| 00| 0 eng d
020 _a9789391938680
040 _coclc
082 _a920
_bMAN/S
100 _aMangad, Abdurahiman
_98678
245 _aSacharithar/Abdurahiman Mangad
300 _a191p
942 _2ddc
_cBK
_h920
_iMAN/S
_k920
_mMAN/S
999 _c42849
_d42849